Normal view
MARC view
Entry Nome pessoal
001 - NÚMERO DE CONTROLE
- campo de controle: 778
003 - IDENTIFICADOR DO NÚMERO DE CONTROLE
- campo de controle: Br
005 - DATA E HORÁRIO DA ÚLTIMA TRANSAÇÃO
- campo de controle: 20250403085737.0
008 - CAMPO DE DADOS FIXOS
- campo de controle de tamanho fixo: 100091|| acnnnaab| aaaa d
035 ## - NÚMERO DE CONTROLE DO SISTEMA
- Número de Controle do Sistema: 100091911144129206
040 ## - FONTE DA CATALOGAÇÃO
- Instituição da catalogação original: Br
- Instituição que transcreveu o registro: Br
- Convenções de cabeçalho de assunto/tesauros: Br
100 1# - CABEÇALHO--NOME PESSOAL
- Nome pessoal: Frank, Anne,
- Datas associadas ao nome: 1929-1945.
400 1# - REMISSIVA VER--NOME PESSOAL
- Nome pessoal: Frank, Annelies Marie
- Datas associadas ao nome: 1929-1945
670 ## - FONTE POSITIVA DOS DADOS
- Citação da fonte positiva dos dados: Autor de: Journal de Anne Frank. [c1950].
670 ## - FONTE POSITIVA DOS DADOS
- Citação da fonte positiva dos dados: Bristol, Brian. Por que amamos ler?... 2008
- Dados encontrados na fonte localizada no subcampo: (p.96: D.)
670 ## - FONTE POSITIVA DOS DADOS
- Citação da fonte positiva dos dados: LC microf., 77/81 sept.
- Dados encontrados na fonte localizada no subcampo: (AACR2; D.; n.c.)
670 ## - FONTE POSITIVA DOS DADOS
- Citação da fonte positiva dos dados: LC 42-62